<?xml version="1.0" encoding="UTF-8"?>
<record
    xmlns:xsi="http://www.w3.org/2001/XMLSchema-instance"
    xsi:schemaLocation="http://www.loc.gov/MARC21/slim http://www.loc.gov/standards/marcxml/schema/MARC21slim.xsd"
    xmlns="http://www.loc.gov/MARC21/slim">

  <leader>02320nam a2200433 i 4500</leader>
  <controlfield tag="003">DO-SdBNP</controlfield>
  <controlfield tag="005">20250320123140.0</controlfield>
  <controlfield tag="006">a||||gr|||| 00| 0 </controlfield>
  <controlfield tag="007">ta</controlfield>
  <controlfield tag="008">240624e2014    sp ||||| |||| 00| 0 spa d</controlfield>
  <datafield tag="020" ind1=" " ind2=" ">
    <subfield code="a">9789942078063</subfield>
  </datafield>
  <datafield tag="040" ind1=" " ind2=" ">
    <subfield code="a">DO-SdBNP</subfield>
    <subfield code="b">spa</subfield>
    <subfield code="c">BNPHU</subfield>
    <subfield code="e">rda</subfield>
  </datafield>
  <datafield tag="041" ind1=" " ind2=" ">
    <subfield code="h">spa, eng</subfield>
  </datafield>
  <datafield tag="082" ind1=" " ind2="4">
    <subfield code="2">22</subfield>
    <subfield code="b">A265c</subfield>
  </datafield>
  <datafield tag="100" ind1="1" ind2=" ">
    <subfield code="a">Agee, Philip,</subfield>
    <subfield code="9">73077</subfield>
    <subfield code="e">autor</subfield>
  </datafield>
  <datafield tag="245" ind1="1" ind2="3">
    <subfield code="a">La CIA contra Am&#xE9;rica Latina = The CIA against Latin America</subfield>
    <subfield code="b">caso especial: Ecuador = special case: Ecuador /</subfield>
    <subfield code="c">Philip Agee, Jaime Galarza Zavala, Francisco Herrera Ar&#xE1;uz.</subfield>
  </datafield>
  <datafield tag="246" ind1="1" ind2="1">
    <subfield code="a">The CIA against Latin America :</subfield>
    <subfield code="b">special case Ecuador</subfield>
  </datafield>
  <datafield tag="264" ind1=" " ind2="1">
    <subfield code="a">Quito, Ecuador :</subfield>
    <subfield code="b">Ministerio de Relaciones Exteriores y Movilidad Humana,</subfield>
    <subfield code="c">2014</subfield>
  </datafield>
  <datafield tag="300" ind1=" " ind2=" ">
    <subfield code="a">222 p&#xE1;ginas :</subfield>
    <subfield code="b">ilustraciones, fotograf&#xED;as ;</subfield>
    <subfield code="c">15 cm.</subfield>
  </datafield>
  <datafield tag="336" ind1=" " ind2=" ">
    <subfield code="2">rdacontent</subfield>
    <subfield code="a">texto</subfield>
    <subfield code="b">txt</subfield>
  </datafield>
  <datafield tag="337" ind1=" " ind2=" ">
    <subfield code="2">rdamedia</subfield>
    <subfield code="a">sin mediaci&#xF3;n</subfield>
    <subfield code="b">n</subfield>
  </datafield>
  <datafield tag="338" ind1=" " ind2=" ">
    <subfield code="2">rdacarrier</subfield>
    <subfield code="a">volumen</subfield>
    <subfield code="b">nc</subfield>
  </datafield>
  <datafield tag="490" ind1=" " ind2=" ">
    <subfield code="a">Archivo Hist&#xF3;rico.</subfield>
  </datafield>
  <datafield tag="490" ind1=" " ind2=" ">
    <subfield code="a">Cuaderno ;</subfield>
    <subfield code="v">2</subfield>
  </datafield>
  <datafield tag="500" ind1=" " ind2=" ">
    <subfield code="a">Breves datos sobre el autor de la entrevista, Dr. Francisco Herrera Ara&#xFA;z, p&#xE1;gina 115 (espa&#xF1;ol) y 107 (ingl&#xE9;s).</subfield>
  </datafield>
  <datafield tag="501" ind1=" " ind2=" ">
    <subfield code="a">Con: Dos obras publicadas en una misma encuadernaci&#xF3;n compartiendo paginaci&#xF3;n cont&#xED;nua.</subfield>
  </datafield>
  <datafield tag="505" ind1=" " ind2=" ">
    <subfield code="a">Raz&#xF3;n de Ser.--  Una gu&#xED;a necesaria.</subfield>
    <subfield code="g">Primera parte.</subfield>
    <subfield code="t">Jaime Galarza Zavala entrevista a Philip Agee /</subfield>
    <subfield code="r">Breves datos sobre Jaime Galarza.--</subfield>
    <subfield code="g">Segunda parte.</subfield>
    <subfield code="t">Conferencia de Philip Agee ante el Tribunal Antiimperialista de nuesta Am&#xE9;rica, Managua, octubre de 1983.--</subfield>
    <subfield code="g">Tercera parte.</subfield>
    <subfield code="t">Phillp Agee: el Hombre que "Torci&#xF3;" la historia del Ecuador /</subfield>
    <subfield code="r">Entrevista por Francisco Herrera Ar&#xE1;uz.--</subfield>
    <subfield code="t">Breves datos sobre el autor de la entrevista.</subfield>
  </datafield>
  <datafield tag="546" ind1=" " ind2=" ">
    <subfield code="a">Obra publicada en dos idiomas:  espa&#xF1;ol e ingl&#xE9;s.</subfield>
  </datafield>
  <datafield tag="590" ind1=" " ind2=" ">
    <subfield code="a">Inventariado 2024 / MF</subfield>
  </datafield>
  <datafield tag="650" ind1=" " ind2="0">
    <subfield code="a">Entrevistas (Periodismo)</subfield>
    <subfield code="9">11043</subfield>
  </datafield>
  <datafield tag="650" ind1=" " ind2="4">
    <subfield code="a">Relaciones Internacionales</subfield>
    <subfield code="v">Entrevistas (Periodismo)</subfield>
    <subfield code="9">11036</subfield>
  </datafield>
  <datafield tag="650" ind1=" " ind2=" ">
    <subfield code="a">Espionaje</subfield>
    <subfield code="z">Am&#xE9;rica Latina</subfield>
    <subfield code="v">Entrevista</subfield>
    <subfield code="9">31415</subfield>
  </datafield>
  <datafield tag="650" ind1=" " ind2="4">
    <subfield code="a">Entrevista</subfield>
    <subfield code="z">Ecuador</subfield>
    <subfield code="9">30080</subfield>
  </datafield>
  <datafield tag="700" ind1="1" ind2="2">
    <subfield code="a">Agee, Philip,</subfield>
    <subfield code="t">The CIA against Latin America -special case: Ecuador</subfield>
    <subfield code="9">85761</subfield>
  </datafield>
  <datafield tag="700" ind1="1" ind2="2">
    <subfield code="a">Agee, Philip,</subfield>
    <subfield code="t">La CIA contra Am&#xE9;rica Latina, caso especial: Ecuador</subfield>
    <subfield code="9">85763</subfield>
  </datafield>
  <datafield tag="700" ind1="1" ind2="2">
    <subfield code="4">Galarza Zavala, jaime,</subfield>
    <subfield code="e">autor</subfield>
  </datafield>
  <datafield tag="700" ind1="1" ind2="2">
    <subfield code="4">Francisco, Herrera Ar&#xE1;uz,</subfield>
    <subfield code="e">autor</subfield>
  </datafield>
  <datafield tag="942" ind1=" " ind2=" ">
    <subfield code="2">ddc</subfield>
    <subfield code="c">LBS1</subfield>
  </datafield>
  <datafield tag="952" ind1=" " ind2=" ">
    <subfield code="0">0</subfield>
    <subfield code="1">0</subfield>
    <subfield code="2">ddc</subfield>
    <subfield code="5">6</subfield>
    <subfield code="7">0</subfield>
    <subfield code="8">GR</subfield>
    <subfield code="a">BNPHU</subfield>
    <subfield code="b">BNPHU</subfield>
    <subfield code="c">CT</subfield>
    <subfield code="d">2015-09-24</subfield>
    <subfield code="e">Donado por el Despacho BNPHU</subfield>
    <subfield code="l">0</subfield>
    <subfield code="o">A265c</subfield>
    <subfield code="p">2024-3670</subfield>
    <subfield code="r">2024-06-24</subfield>
    <subfield code="w">2024-06-24</subfield>
    <subfield code="y">LBS1</subfield>
  </datafield>
  <datafield tag="999" ind1=" " ind2=" ">
    <subfield code="c">56940</subfield>
    <subfield code="d">56940</subfield>
  </datafield>
</record>
